01726nam a2200265Ia 4500003000900000005001700009008004100026040003100067040001300098041000800111100002700119100001400146245011100160250000600271260004500277260000900322300001100331300001000342490000600352520079000358942001201148999001701160952010001177952018301277IT-RoPAU20220918175746.0120407s9999 xx 000 0 und d aIT-RoPAUc20130205095605.0 cIT-RoPAU aita aChiesa Francesco 9356 ccan.9357 aLa stella della pace. bBrevi spiegazioni popolari dei quattro documenti del Pontefice Pio XII sulla pace aI aAlbabPSSP per l'apostolato stampac1943 c1943 a206 p. c18 cm vI aIndice Parte prima I cinque presupposti della pace Il fatto della guerra Le cause della guerra Rimedio Termine del messaggio Parte seconda Pacificazione e ordine interno delle nazioni Senso del Messaggio natalizio Ordine sociale Convivenza nella tranquillità€ La grande crociata Parte terza Le cinque vittorie Vittorie e presupposti Ordine nuovo Le cause dell'aspirazione all'ordine nuovo Atteggiamento della Chiesa di fronte all'ordine nuovo Erudimini qui judicatis terram Effetti dell'ascoltare la parola del papa I.a Vittoria : Sull'odio II.a Vittoria : Sulla sfiducia internazionale III.a Vittoria : Sul principio dell'utilitarismo e della forza IV.a Vittoria : Sulle divergenze economiche V.a Vittoria : Sullo spirito di egoismo Preghiamo Avvertimento  cBK2ddc c28623d28623 00102ddc406P_B571aPAULUSbPAULUSd2012-04-11l0oP B5r2012-04-11 00:00:00w2012-04-11yBK 00102ddc406P_B571aPAULUSbPAULUSd2012-04-11l0oP B5r2012-04-11 00:00:00w2012-04-11yBKzInserito da: Sergio In data: 27 settembre 2011 fondo: Via A.Severo 56 Progr:21941